Statistiques concernant Paroles Je joue de la musique-Calogero

Cliquez ici pour prendre le quiz!

Statistiques générales

  • Ce quiz a été pris 246 fois
  • Le résultat moyen est 185 sur 227

Statistiques - réponses

Réponse% Correct
Je
100%
je
100%
de
99%
joue
99%
la
99%
musique
99%
électrique
93%
en
93%
guitare
93%
ma
93%
qu'à
90%
Et
89%
dans
87%
ça
85%
fais
85%
quand
85%
Quand
85%
un
85%
basse
84%
L'amour
83%
l'amour
83%
me
82%
82%
ne
81%
tête
81%
comme
80%
panique
80%
sais
80%
c'est
79%
C'est
79%
respire
79%
pense
78%
vient
75%
se
71%
deux
68%
fou
68%
prend
68%
Quatre
68%
trois
68%
rend
66%
si
64%
Mais
63%
branche
61%
pour
61%
tu
61%
mes
60%
moi
60%
On
59%
pas
58%
réfléchis
58%
vous
58%
t'aime
54%
pleure
53%
sens
52%
pick-up
50%
tempêtes
49%
faire
48%
nous
48%
peu
47%
complique
46%
casse
45%
quittes
45%
tempère
45%
volcan
43%
repères
42%
Viens
42%
partout
41%
perds
41%
compteur
40%
nos
40%
toi
40%
d'un
39%
guitares
37%
électriques
36%
fera
36%
croise
34%
jaillit
33%
Respirer
33%
Parfois
31%

Distribution des résultats

Percentile par nombre de réponses

% des personnes avec chaque résultat

Votre développement - résultats

Vous n’avez pas pris ce quiz